000 00884nas a2200241 4500
001 BR9200671
003 BR-BrBNA
005 20231205092305.0
007 ta
008 230509b bl.|||p| |||| 00| 00por d
040 _aBR-BrBNA
_bpor
_cBiblioteca Nacional de Agricultura
041 _a(En)
072 _aH10
100 1 _aValente, V.L.
100 1 _aAraujo, A.M. de
245 1 _aEcological aspects of Drosophila species in two contrasting environments in southern Brazil (Diptera, Drosophilidae)
246 1 _aEcological aspects of Drosophila species in two contrasting environments in southern Brazil (Diptera, Drosophilidae)
650 _aDROSOFILA
650 _aRIO GRANDE DO SUL
773 0 _tRevista Brasileira de Entomologia (Brazil)
_xISSN 0085-5626
_g(Aug 1991), v. 35(2) p. 237-253
_wBR9200671
909 _a202311
_bLúcia
_c55
_dLúcia Elande
942 _2AGRIS
_n0
_cANA
999 _c130699
_d130699